Представление документа в формате MARC21

ПолеНазваниеЗначение
  Тип записи a
  Библиографический уровень m
001 Контрольный номер RU/URAIT/585161
005 Дата корректировки 20260429163658.4
008 Кодируемые данные 260429s2026 RU y f j 000 0 rus u
020 Индекс ISBN __
a ISBN 978-5-534-16629-3
c Цена, тираж 1699.00
040 Источник каталогиз. __
a Служба первич. каталог. ИКО Юрайт
c Служба, преобразующая запись ИКО Юрайт
e Правила каталог. RCR
041 Код языка издания __
a Код языка текста rus
044 Код страны публикации __
a Код страны публикации RU
080 Индекс УДК __
a Индекс УДК 54(075.8)
084 Индекс другой классификации/Индекс ББК __
2 Источник индекса rubbk
a Индекс другой классификации/Индекс ББК 24.1я73
100 Автор __
a Автор Оганесян Э. Т.
q Полное имя Оганесян Эдуард Тоникович
245 Заглавие __
a Заглавие Химия элементов
b Продолж. заглавия учебник для вузов
c Ответственность Э. Т. Оганесян, В. А. Попков, Л. И. Щербакова, А. К. Брель.
250 Сведения об издании __
g пер. и доп
a Основные сведения об издании 2-е изд.
256 Характеристики компьютерного файла __
a Характеристики компьютерного файла Электрон. дан.
260 Выходные данные __
a Место издания Москва
b Издательство Юрайт
c Дата издания 2026
300 Физическое описание __
a Объем 316 с
440 Серия __
a Серия Высшее образование
500 Примечания __
a Примечание URL: https://urait.ru/bcode/585161 (дата обращения: 29.04.2026).
520 Аннотация __
a Аннотация Предлагаемая книга — первый в отечественной литературе учебник, предназначенный для студентов фармацевтических высших учебных заведений. В учебнике излагается химия элементов с позиций современных представлений о строении атома и теории химической науки. Материал глав по неорганической химии изложен в соответствии с длиннопериодным вариантом периодической системы. Здесь также освещена биологическая роль элементов и лекарственных препаратов на их основе. В учебнике учтены методические особенности преподавания неорганической химии в ряде фармацевтических и химических высших учебных заведений.
538 Прим. о системных особенностях __
a Прим. о системных особенностях Режим доступа: Электронно-библиотечная система Юрайт, для авториз. пользователей
653 Ключевые слова __
a Ключевые слова Общая химия
653 Ключевые слова __
a Ключевые слова Естественные науки
653 Ключевые слова __
a Ключевые слова Химия
653 Ключевые слова __
a Ключевые слова Неорганическая химия
653 Ключевые слова __
a Ключевые слова Общая и неорганическая химия
653 Ключевые слова __
a Ключевые слова Дополнительные главы химии
653 Ключевые слова __
a Ключевые слова Методика преподавания химии
653 Ключевые слова __
a Ключевые слова Основы общей и неорганической химии
653 Ключевые слова __
a Ключевые слова Методика обучения химии
653 Ключевые слова __
a Ключевые слова Информационные технологии в обучении химии
653 Ключевые слова __
a Ключевые слова Прикладная химия
653 Ключевые слова __
a Ключевые слова Химия элементов
653 Ключевые слова __
a Ключевые слова Введение в неорганическую химию
653 Ключевые слова __
a Ключевые слова Избранные главы неорганической химии
653 Ключевые слова __
a Ключевые слова Методика решения задач единого государственного экзамена по неорганической химии
653 Ключевые слова __
a Ключевые слова Методика химии
653 Ключевые слова __
a Ключевые слова Основы химии
653 Ключевые слова __
a Ключевые слова Химия (основы общей и неорганической, аналитическая)
653 Ключевые слова __
a Ключевые слова Химия неорганическая
653 Ключевые слова __
a Ключевые слова Химия f-элементов
653 Ключевые слова __
a Ключевые слова Химия переходных элементов
653 Ключевые слова __
a Ключевые слова Современная синтетическая химия
653 Ключевые слова __
a Ключевые слова Клиническая химия
653 Ключевые слова __
a Ключевые слова Дополнительные главы химии древесины
653 Ключевые слова __
a Ключевые слова Общая неорганическая химия
653 Ключевые слова __
a Ключевые слова Оценка эффективности обучения химии
653 Ключевые слова __
a Ключевые слова Методика преподавания химии в высшей школе
653 Ключевые слова __
a Ключевые слова Химия лекарственных препаратов на основе неорганических соединений
653 Ключевые слова __
a Ключевые слова Методика обучения и воспитания химии
653 Ключевые слова __
a Ключевые слова Введение в химию неорганических лекарственных веществ
653 Ключевые слова __
a Ключевые слова Теоретические основы неорганической химии
653 Ключевые слова __
a Ключевые слова Современная неорганическая химия
653 Ключевые слова __
a Ключевые слова Химия: общая и неорганическая
653 Ключевые слова __
a Ключевые слова Научные основы школьного курса химии
653 Ключевые слова __
a Ключевые слова Избранные главы химии
653 Ключевые слова __
a Ключевые слова Теория и методика обучения химии
653 Ключевые слова __
a Ключевые слова Избранные главы современной химии
653 Ключевые слова __
a Ключевые слова Введение в химию
653 Ключевые слова __
a Ключевые слова Дополнительные главы неорганической химии
653 Ключевые слова __
a Ключевые слова Введение в общую химию
653 Ключевые слова __
a Ключевые слова Теоретическая неорганическая химия
653 Ключевые слова __
a Ключевые слова Методика преподавания химии в профильных классах
653 Ключевые слова __
a Ключевые слова Общая и неорганическая химия (дополнительные главы)
653 Ключевые слова __
a Ключевые слова Основы общей и неорганической химии (дополнительные главы)
653 Ключевые слова __
a Ключевые слова Технология неорганических соединений (дополнительные главы)
653 Ключевые слова __
a Ключевые слова Химия неорганических соединений (дополнительные главы)
653 Ключевые слова __
a Ключевые слова Химия d-элементов
653 Ключевые слова __
a Ключевые слова Специальные главы химии
653 Ключевые слова __
a Ключевые слова Методика обучения химии в вузе
653 Ключевые слова __
a Ключевые слова Стехиометрические расчеты в курсе общей и неорганической химии
653 Ключевые слова __
a Ключевые слова Избранные главы современной неорганической химии
653 Ключевые слова __
a Ключевые слова Методика обучения решению задач по химии
653 Ключевые слова __
a Ключевые слова Химия неорганических соединений
653 Ключевые слова __
a Ключевые слова Фундаментальное естествознание. Химия
653 Ключевые слова __
a Ключевые слова Основные методы исследования в неорганической химии
653 Ключевые слова __
a Ключевые слова Неорганическая химия материалов
653 Ключевые слова __
a Ключевые слова Специальные разделы неорганической химии
653 Ключевые слова __
a Ключевые слова Теория и методика преподавания химии
653 Ключевые слова __
a Ключевые слова Методика решения задач по химии
653 Ключевые слова __
a Ключевые слова Решение задач по химии
653 Ключевые слова __
a Ключевые слова Естествознание: Химия
653 Ключевые слова __
a Ключевые слова Дополнительные главы неорганической химии. Химия элементов
653 Ключевые слова __
a Ключевые слова Методики расчетов в неорганической химии
653 Ключевые слова __
a Ключевые слова Корректирующий курс по химии
653 Ключевые слова __
a Ключевые слова Методика поиска научной информации по химии
653 Ключевые слова __
a Ключевые слова Химия техногенных элементов
653 Ключевые слова __
a Ключевые слова Химия. Неорганическая химия
653 Ключевые слова __
a Ключевые слова Химия (углубленный уровень)
700 Другие авторы __
a Другие авторы Попков В. А.
q Полное имя Попков Владимир Андреевич
700 Другие авторы __
a Другие авторы Щербакова Л. И.
q Полное имя Щербакова Лариса Ивановна
700 Другие авторы __
a Другие авторы Брель А. К.
q Полное имя Брель Анатолий Кузьмич
856 Электронный адрес документа 40
n Местонахождение сервера Юрайт
g Электронная книга
q Тип электронного формата html
h Имя пользователя ЮРАЙТ
v Часы доступа к ресурсу 20271231
2 Способ доступа Показать документ
x Служебное примечание https://urait.ru/book/cover/C763D047-5FA1-4B60-8B7B-893F0CE8E8DF
u URL https://urait.ru/bcode/585161
856 Электронный адрес документа 48
q Тип электронного формата cover
u URL https://urait.ru/book/cover/C763D047-5FA1-4B60-8B7B-893F0CE8E8DF
911 __
u 0030=https://urait.ru/bcode/585161
911 __
u 073a=9785534166293
u 073d=1699.00
911 __
u 106a=s
911 __
u 900l=
952 Тип литературы __
i Дисциплина Химия
952 Тип литературы __
i Дисциплина Неорганическая химия
952 Тип литературы __
i Дисциплина Общая и неорганическая химия
952 Тип литературы __
i Дисциплина Дополнительные главы химии
952 Тип литературы __
i Дисциплина Методика преподавания химии
952 Тип литературы __
i Дисциплина Основы общей и неорганической химии
952 Тип литературы __
i Дисциплина Методика обучения химии
952 Тип литературы __
i Дисциплина Информационные технологии в обучении химии
952 Тип литературы __
i Дисциплина Прикладная химия
952 Тип литературы __
i Дисциплина Химия элементов
952 Тип литературы __
i Дисциплина Введение в неорганическую химию
952 Тип литературы __
i Дисциплина Избранные главы неорганической химии
952 Тип литературы __
i Дисциплина Методика решения задач единого государственного экзамена по неорганической химии
952 Тип литературы __
i Дисциплина Методика химии
952 Тип литературы __
i Дисциплина Основы химии
952 Тип литературы __
i Дисциплина Химия (основы общей и неорганической, аналитическая)
952 Тип литературы __
i Дисциплина Химия неорганическая
952 Тип литературы __
i Дисциплина Химия f-элементов
952 Тип литературы __
i Дисциплина Химия переходных элементов
952 Тип литературы __
i Дисциплина Современная синтетическая химия
952 Тип литературы __
i Дисциплина Клиническая химия
952 Тип литературы __
i Дисциплина Дополнительные главы химии древесины
952 Тип литературы __
i Дисциплина Общая неорганическая химия
952 Тип литературы __
i Дисциплина Оценка эффективности обучения химии
952 Тип литературы __
i Дисциплина Методика преподавания химии в высшей школе
952 Тип литературы __
i Дисциплина Химия лекарственных препаратов на основе неорганических соединений
952 Тип литературы __
i Дисциплина Методика обучения и воспитания химии
952 Тип литературы __
i Дисциплина Введение в химию неорганических лекарственных веществ
952 Тип литературы __
i Дисциплина Теоретические основы неорганической химии
952 Тип литературы __
i Дисциплина Современная неорганическая химия
952 Тип литературы __
i Дисциплина Химия: общая и неорганическая
952 Тип литературы __
i Дисциплина Научные основы школьного курса химии
952 Тип литературы __
i Дисциплина Избранные главы химии
952 Тип литературы __
i Дисциплина Теория и методика обучения химии
952 Тип литературы __
i Дисциплина Избранные главы современной химии
952 Тип литературы __
i Дисциплина Введение в химию
952 Тип литературы __
i Дисциплина Дополнительные главы неорганической химии
952 Тип литературы __
i Дисциплина Введение в общую химию
952 Тип литературы __
i Дисциплина Теоретическая неорганическая химия
952 Тип литературы __
i Дисциплина Методика преподавания химии в профильных классах
952 Тип литературы __
i Дисциплина Общая и неорганическая химия (дополнительные главы)
952 Тип литературы __
i Дисциплина Основы общей и неорганической химии (дополнительные главы)
952 Тип литературы __
i Дисциплина Технология неорганических соединений (дополнительные главы)
952 Тип литературы __
i Дисциплина Химия неорганических соединений (дополнительные главы)
952 Тип литературы __
i Дисциплина Химия d-элементов
952 Тип литературы __
i Дисциплина Специальные главы химии
952 Тип литературы __
i Дисциплина Методика обучения химии в вузе
952 Тип литературы __
i Дисциплина Стехиометрические расчеты в курсе общей и неорганической химии
952 Тип литературы __
i Дисциплина Избранные главы современной неорганической химии
952 Тип литературы __
i Дисциплина Методика обучения решению задач по химии
952 Тип литературы __
i Дисциплина Химия неорганических соединений
952 Тип литературы __
i Дисциплина Фундаментальное естествознание. Химия
952 Тип литературы __
i Дисциплина Основные методы исследования в неорганической химии
952 Тип литературы __
i Дисциплина Неорганическая химия материалов
952 Тип литературы __
i Дисциплина Специальные разделы неорганической химии
952 Тип литературы __
i Дисциплина Теория и методика преподавания химии
952 Тип литературы __
i Дисциплина Методика решения задач по химии
952 Тип литературы __
i Дисциплина Решение задач по химии
952 Тип литературы __
i Дисциплина Естествознание: Химия
952 Тип литературы __
i Дисциплина Дополнительные главы неорганической химии. Химия элементов
952 Тип литературы __
i Дисциплина Методики расчетов в неорганической химии
952 Тип литературы __
i Дисциплина Корректирующий курс по химии
952 Тип литературы __
i Дисциплина Методика поиска научной информации по химии
952 Тип литературы __
i Дисциплина Химия техногенных элементов
952 Тип литературы __
i Дисциплина Химия. Неорганическая химия
952 Тип литературы __
i Дисциплина Химия (углубленный уровень)